Logistics and supply chain management : strategies for reducing cost and improving service (Record no. 185023)
[ view plain ]
| 000 -LEADER | |
|---|---|
| fixed length control field | 00530nam a2200169Ia 4500 |
| 005 - DATE AND TIME OF LATEST TRANSACTION | |
| control field | 20250227114737.0 |
| 008 - FIXED-LENGTH DATA ELEMENTS--GENERAL INFORMATION | |
| fixed length control field | 231217s9999 xx 000 0 und d |
| 020 ## - INTERNATIONAL STANDARD BOOK NUMBER | |
| International Standard Book Number | 9788177588347 |
| 082 ## - DEWEY DECIMAL CLASSIFICATION NUMBER | |
| Classification number | 658.7 CHR;8 |
| 100 ## - MAIN ENTRY--PERSONAL NAME | |
| Personal name | Christopher, Martin |
| 245 #0 - TITLE STATEMENT | |
| Title | Logistics and supply chain management : strategies for reducing cost and improving service |
| 250 ## - EDITION STATEMENT | |
| Edition statement | 2nd ed. |
| 260 ## - PUBLICATION, DISTRIBUTION, ETC. (IMPRINT) | |
| Date of publication, distribution, etc. | 1998 |
| Name of publisher, distributor, etc. | Pearson |
| Place of publication, distribution, etc. | New Delhi |
| 300 ## - PHYSICAL DESCRIPTION | |
| Extent | 304 |
| 650 ## - SUBJECT ADDED ENTRY--TOPICAL TERM | |
| Topical term or geographic name as entry element | Logistics,supply,chain,management,strategies,reducing,cost,improving |
| 942 ## - ADDED ENTRY ELEMENTS (KOHA) | |
| Koha item type | Books |
| Date last seen | Total Checkouts | Full call number | Accession number | Old discount | Uniform Resource Identifier | Cost, replacement price | Price effective from | Category | Lost status | Damaged status | Department | Withdrawn status | bill no. | bill date | Permanent Location | Current Location | Shelving location | Entry date | Vendor | Cost, normal purchase price | Grants | Currency symbol | Conversion rate | Discount | Discount type |
|---|---|---|---|---|---|---|---|---|---|---|---|---|---|---|---|---|---|---|---|---|---|---|---|---|---|
| 26/01/2024 | 658.7 CHR;8 | 58140 | 20 | digital/contents/58144.pdf | 260.00 | 26/01/2024 | Books | Information Science | 8124 | 18/12/2013 | Central Library | Central Library | Information Science | 05/02/2010 | Mega Books | 325.00 | IS | RS | 1 | 65 | Rupees | ||||
| 26/01/2024 | 658.7 CHR;9 | 58141 | 20 | digital/contents/58144.pdf | 260.00 | 26/01/2024 | Books | Information Science | 8124 | 18/12/2013 | Central Library | Central Library | Information Science | 05/02/2010 | Mega Books | 325.00 | IS | RS | 1 | 65 | Rupees | ||||
| 26/01/2024 | 658.7 CHR;10 | 58142 | 20 | digital/contents/58144.pdf | 260.00 | 26/01/2024 | Books | Information Science | 8124 | 18/12/2013 | Central Library | Central Library | Central Library | 05/02/2010 | Mega Books | 325.00 | IS | RS | 1 | 65 | Rupees | ||||
| 26/01/2024 | 658.7 CHR;10 | 58143 | 20 | digital/contents/58144.pdf | 260.00 | 26/01/2024 | Books | Central Library | 8124 | 18/12/2013 | Central Library | Central Library | Central Library | 05/02/2010 | Mega Books | 325.00 | IS | RS | 1 | 65 | Rupees | ||||
| 26/01/2024 | 658.7 CHR;11 | 58144 | 20 | digital/contents/58144.pdf | 260.00 | 26/01/2024 | Books | Central Library | 8124 | 18/12/2013 | Central Library | Central Library | Central Library | 05/02/2010 | Mega Books | 325.00 | IS | RS | 1 | 65 | Rupees |
